|
|
|
|
| LEADER |
00000nam0a2200000 4500 |
| 001 |
34174 |
| 005 |
20231101210222.0 |
| 010 |
|
|
|a 5724603875
|
| 035 |
|
|
|a (RuTPU)RU\TPU\book\34554
|
| 035 |
|
|
|a BOOK00001205
|
| 090 |
|
|
|a 34174
|
| 100 |
|
|
|a 20011210d1990 m y0rusy50 ca
|
| 101 |
0 |
|
|a rus
|
| 102 |
|
|
|a RU
|
| 105 |
|
|
|a a j 001zy
|
| 200 |
1 |
|
|a Избранные главы органической химии
|e учебное пособие
|f А. Е. Агрономов
|
| 205 |
|
|
|a 2-е изд., перераб. и доп.
|
| 210 |
|
|
|a Москва
|c Химия
|d 1990
|
| 215 |
|
|
|a 559 с.
|
| 320 |
|
|
|a Библиогр. в конце глав
|
| 606 |
1 |
|
|a Органическая химия
|2 stltpush
|3 (RuTPU)RU\TPU\subj\47309
|9 66362
|
| 610 |
1 |
|
|a реакции
|
| 610 |
1 |
|
|a органические соединения
|
| 610 |
1 |
|
|a учебные пособия
|
| 675 |
|
|
|a 547(075.8)
|v 3
|
| 700 |
|
1 |
|a Агрономов
|b А. Е.
|g Александр Евгеньевич
|
| 801 |
|
0 |
|a RU
|b 63413507
|c 20011210
|g PSBO
|
| 801 |
|
2 |
|a RU
|b 63413507
|c 20160628
|g PSBO
|
| 900 |
|
|
|a Органическая химия
|
| 900 |
|
|
|a Методы органического синтеза
|
| 942 |
|
|
|c BK
|